000 00835nam a2200265 a 4500
008
020 _a0471152439 (cased)
049 _aMAIN
090 _aTK5102.9
100 1 _aMarven, Craig.
245 1 2 _aA simple approach to digital signal processing /
_cCraig Marven and Gillian Ewers.
260 _aNew York :
_bWiley,
_cc1996.
300 _axi, 236 p. :
_bill. ;
_c25 cm.
440 0 _aTopics in digital signal processing.
500 _a"A Wiley-Interscience publication."
504 _aIncludes bibliographical references.
500 _aIncludes index.
650 0 _aSignal processing
_xDigital techniques.
700 1 _aEwers, Gillian.
907 _a.b10071714
_b02-12-03
_c17-04-03
003
005 20230123133247.0
040 _cNUST
942 _cBOOKS
_kTK5102.9
999 _c145504
_d145504